[Event "AUT-chT (Women) 1718"]
[Site "Austria"]
[Date "2017.11.26"]
[Round "3.3"]
[White "Kurapova, Olga"]
[Black "Sommer, Hannah"]
[Result "1-0"]
[WhiteElo "1919"]
[BlackElo "1782"]
[PlyCount "61"]
[EventDate "2017.11.24"]
[EventType "team-tourn"]
[EventRounds "9"]
[EventCountry "AUT"]
[SourceTitle "CBM 181 Extra"]
[Source "ChessBase"]
[SourceDate "2017.12.12"]
[SourceVersion "1"]
[SourceVersionDate "2017.12.12"]
[SourceQuality "1"]
[WhiteTeam "Dornbirn (W)"]
[BlackTeam "Feffernitz (W)"]
[WhiteTeamCountry "AUT"]
[BlackTeamCountry "AUT"]

1. d4 d5 2. c4 c6 3. cxd5 cxd5 4. Bf4 Nf6 5. Nc3 a6 6. e3 e6 7. Bd3 Bd6 8. Bg3 0-0 9. Nf3 Nc6 10. a3 b5 11. Ne5 Bb7 12. Nxc6 Bxc6 13. b4 Rc8 14. Rc1 Re8 15. 0-0 e5 16. Bf5 Bd7 17. Bxd7 Qxd7 18. dxe5 Bxe5 19. Bxe5 Rxe5 20. Qd4 Rh5 21. Qf4 Rc4 22. Qb8+ Rc8 23. Qg3 h6 24. Rfd1 Rc4 25. Ne2 Qc6 26. Rxc4 dxc4 27. Rd8+ Kh7 28. Qb8 Rg5 29. Nf4 g6 30. Rh8+ Kg7 31. Qf8# 1-0

[Event "AUT-chT (Women) 1617"]
[Site "Austria"]
[Date "2017.04.22"]
[Round "7.1"]
[White "Sommer, Hannah"]
[Black "Polterauer, Chiara"]
[Result "0-1"]
[WhiteElo "1768"]
[BlackElo "1988"]
[PlyCount "86"]
[EventDate "2017.01.14"]
[EventType "team-tourn"]
[EventRounds "11"]
[EventCountry "AUT"]
[SourceTitle "EXT 2018"]
[Source "ChessBase"]
[SourceDate "2017.10.13"]
[SourceVersion "1"]
[SourceVersionDate "2017.10.13"]
[SourceQuality "1"]
[WhiteTeam "Feffernitz (W)"]
[BlackTeam "St Veit/Glan (W)"]
[WhiteTeamCountry "AUT"]
[BlackTeamCountry "AUT"]

1. d4 d5 2. c4 e6 3. Nc3 Nf6 4. Bg5 Be7 5. Nf3 h6 6. Bh4 0-0 7. e3 b6 8. Be2 Bb7 9. 0-0 Nbd7 10. a3 c5 11. cxd5 Nxd5 12. Bxe7 Qxe7 13. Nxd5 Bxd5 14. dxc5 Nxc5 15. Nd2 Rfd8 16. Qe1 a5 17. Bf3 Rac8 18. Qe2 a4 19. Bxd5 Rxd5 20. Rfd1 Qc7 21. Rac1 Rcd8 22. Nf3 Qb7 23. h3 Nd3 24. Rb1 e5 25. Qc2 Qd7 26. Rd2 e4 27. Nd4 Rc8 28. Qd1 Rdc5 29. Rxd3 exd3 30. Qxd3 Rc1+ 31. Rxc1 Rxc1+ 32. Kh2 Qd6+ 33. f4 Rc8 34. Qe2 Re8 35. Qg4 Qf6 36. Qg3 Kh7 37. Qf3 Qe7 38. Nc2 Kg8 39. Kg3 Qc5 40. Nd4 Qc1 41. Qe2 Rxe3+ 42. Kf2 Rxe2+ 43. Kxe2 Qxb2+ 0-1

[Event "AUT-ch U16 Girls"]
[Site "Vienna"]
[Date "2011.04.18"]
[Round "3.3"]
[White "Vogel, Doris"]
[Black "Sommer, Hannah"]
[Result "0-1"]
[WhiteElo "1524"]
[BlackElo "1688"]
[PlyCount "112"]
[EventDate "2011.04.17"]
[EventType "swiss"]
[EventRounds "7"]
[EventCountry "AUT"]
[SourceTitle "EXT 2024"]
[Source "ChessBase"]
[SourceDate "2023.10.10"]
[SourceVersion "1"]
[SourceVersionDate "2023.10.10"]
[SourceQuality "1"]

1. d4 Nf6 2. c4 e6 3. Nc3 Bb4 4. Qc2 0-0 5. e3 b6 6. Bd3 Bb7 7. f3 d5 8. Bd2 Nbd7 9. Nxd5 Bxd2+ 10. Kxd2 exd5 11. cxd5 Bxd5 12. e4 Bb7 13. e5 Nd5 14. Bxh7+ Kh8 15. Qf5 Nxe5 16. dxe5 Nf6+ 17. Kc2 Nxh7 18. Ne2 Qg5 19. Qf4 Qxf4 20. Nxf4 Rfe8 21. Rae1 Ng5 22. h4 Ne6 23. Nd3 Rad8 24. Rh3 c5 25. b3 Rd7 26. g4 Red8 27. f4 Ba6 28. Ree3 Bxd3+ 29. Rxd3 Rxd3 30. Rxd3 Rxd3 31. Kxd3 Nxf4+ 32. Ke4 Ng6 33. h5 Ne7 34. e6 fxe6 35. Ke5 b5 36. Kxe6 c4 37. bxc4 bxc4 38. Kxe7 c3 39. Kf7 c2 40. g5 c1Q 41. g6 Qf4+ 42. Ke6 Qg4+ 43. Kd5 Qxh5+ 44. Ke4 Qxg6+ 45. Kd4 Qf5 46. a3 g5 47. a4 g4 48. a5 g3 49. a6 g2 50. Kc4 g1R 51. Kd4 Rg4+ 52. Ke3 Qf4+ 53. Kd3 Rg3+ 54. Ke2 Qf3+ 55. Kd2 Rg2+ 56. Ke1 Qe2# 0-1

[Event "AUT-ch U16 Girls"]
[Site "Vienna"]
[Date "2011.04.17"]
[Round "2.2"]
[White "Sommer, Hannah"]
[Black "Huber, Elke Carola"]
[Result "0-1"]
[WhiteElo "1688"]
[BlackElo "1651"]
[PlyCount "72"]
[EventDate "2011.04.17"]
[EventType "swiss"]
[EventRounds "7"]
[EventCountry "AUT"]
[SourceTitle "EXT 2024"]
[Source "ChessBase"]
[SourceDate "2023.10.10"]
[SourceVersion "1"]
[SourceVersionDate "2023.10.10"]
[SourceQuality "1"]

1. Nf3 Nf6 2. d4 d5 3. e3 Bg4 4. c4 c6 5. Nc3 e6 6. Be2 Bd6 7. 0-0 Qc7 8. h3 Bh5 9. b3 0-0 10. Bb2 Nbd7 11. Qc2 Bg6 12. Bd3 Bxd3 13. Qxd3 Rfe8 14. Rac1 dxc4 15. bxc4 e5 16. Ng5 exd4 17. exd4 Bf4 18. Nxh7 Nxh7 19. Rcd1 Rad8 20. Ne4 Nhf6 21. Rfe1 Nxe4 22. Rxe4 Rxe4 23. Qxe4 Nf6 24. Qf3 Qb6 25. Qb3 Qxb3 26. axb3 Kf8 27. g3 Bd6 28. d5 Ne4 29. Kg2 a5 30. dxc6 bxc6 31. f3 Nc5 32. Ba3 Nb7 33. Bxd6+ Rxd6 34. Rxd6 Nxd6 35. Kf2 Ke7 36. Ke2 Nf5 0-1

[Event "AUT-ch U18 Girls"]
[Site "Velden"]
[Date "2010.03.28"]
[Round "1.4"]
[White "Sommer, Hannah"]
[Black "Landl, Margot"]
[Result "1-0"]
[WhiteElo "1499"]
[BlackElo "1757"]
[PlyCount "103"]
[EventDate "2010.03.28"]
[EventType "swiss"]
[EventRounds "7"]
[EventCountry "AUT"]
[SourceTitle "EXT 2024"]
[Source "ChessBase"]
[SourceDate "2023.10.10"]
[SourceVersion "1"]
[SourceVersionDate "2023.10.10"]
[SourceQuality "1"]

1. Nf3 Nf6 2. d4 e6 3. c4 b6 4. Nc3 Bb4 5. Bd2 Bb7 6. e3 Bxc3 7. Bxc3 0-0 8. Bd3 d5 9. 0-0 Nbd7 10. Re1 Rc8 11. Rc1 Re8 12. a3 c5 13. b3 Qe7 14. Bb2 a5 15. Nd2 e5 16. cxd5 e4 17. Bb5 Bxd5 18. Nc4 Bxc4 19. Rxc4 Red8 20. Qc2 Ne8 21. dxc5 Nxc5 22. Bxe8 Qxe8 23. Qc3 f6 24. Rc1 Rd3 25. Qc2 Rcd8 26. Bd4 Nxb3 27. Rd1 Rxd1+ 28. Qxd1 Qb5 29. Qc2 Nxd4 30. exd4 f5 31. a4 Qd7 32. h3 Qd5 33. Qc3 h6 34. Rc6 Rd6 35. Rc8+ Kh7 36. Rc4 f4 37. f3 exf3 38. gxf3 Rg6+ 39. Kf2 Qd7 40. h4 Qh3 41. Qd3 Qxh4+ 42. Ke2 Qe7+ 43. Kd2 Qe3+ 44. Qxe3 fxe3+ 45. Kxe3 Kg8 46. d5 Kf7 47. Ke4 Ke7 48. Rc7+ Kd8 49. Rf7 Ke8 50. Rc7 Kf8 51. f4 h5 52. Ke5 1-0